|
|
|
|
| LEADER |
00000nam0a2200000 4500 |
| 001 |
139733 |
| 005 |
20231101220820.0 |
| 010 |
|
|
|a 5265009485
|
| 020 |
|
|
|a RU
|b 90-46064
|
| 035 |
|
|
|a (RuTPU)RU\TPU\book\151368
|
| 090 |
|
|
|a 139733
|
| 100 |
|
|
|a 20080610d1990 m y0rusy5003 ca
|
| 101 |
0 |
|
|a rus
|
| 102 |
|
|
|a RU
|
| 105 |
|
|
|a y z 000ay
|
| 200 |
1 |
|
|a Слушая время
|e Дневники, записные книжки, письма
|f Э. Г. Казакевич
|g авт. предисл. Л. Гладковская ; сост. Г. О. Казакевич
|
| 210 |
|
|
|a Москва
|c Советский писатель
|d 1990
|
| 215 |
|
|
|a 528 с.
|d 21 см
|
| 610 |
1 |
|
|a Русская советская литература
|
| 610 |
1 |
|
|a дневники
|
| 610 |
1 |
|
|a записки
|
| 610 |
1 |
|
|a письма
|
| 675 |
|
|
|a Р2
|z rus
|
| 700 |
|
1 |
|a Казакевич
|b Э. Г.
|c русский писатель
|f 1913-1962
|g Эммануил Генрихович
|2 stltpush
|3 (RuTPU)RU\TPU\pers\14228
|9 4684
|
| 702 |
|
1 |
|a Гладковская
|b Л.
|4 080
|
| 702 |
|
1 |
|a Казакевич
|b Г. О.
|4 220
|
| 801 |
|
0 |
|a RU
|b RuMRKP
|c 19950417
|g psbo
|
| 801 |
|
1 |
|a RU
|b 63413507
|c 20080610
|g PSBO
|
| 801 |
|
2 |
|a RU
|b 63413507
|c 20080610
|g PSBO
|
| 942 |
|
|
|c BK
|